00157nam a2200061Ia 4500245001000000100004400010008004100054 0aVuur  a Zondi, N elly Phewa Centurion, 2008 210819s9999 xx 000 0 und d